[Event "BCF-ch 86th"]
[Site "Scarborough"]
[Date "1999.08.10"]
[Round "9"]
[White "Rowson, Jonathan"]
[Black "Wells, Peter K"]
[Result "1/2-1/2"]
[WhiteElo "2490"]
[BlackElo "2475"]
[Annotator "Wells,P"]
[PlyCount "123"]
[EventDate "1999.08.05"]
[EventType "swiss"]
[EventRounds "11"]
[EventCountry "ENG"]
[SourceTitle "CBM 071 Extra"]
[Source "ChessBase"]
[SourceDate "1999.09.14"]
[SourceVersion "1"]
[SourceVersionDate "1999.09.14"]
[SourceQuality "1"]

1. e4 {Scotland's 3rd Grandmaster already has a pretty broad opening repetoire
especially with white, and having been his second for one World Junior
Championship ( Zagan 1997 ) did not greatly facilitate my guessing his choice
of opening. Neither had any of our three previous draws reflected friendship
on the board.} e5 2. Nf3 Nc6 3. Bb5 a6 4. Ba4 Nf6 5. O-O Be7 6. Re1 b5 7. Bb3
d6 8. c3 O-O 9. d3 {So, my hunch that he would not want to debate the main
lines of the Closed Spanish was correct. This apparently modest move has some
distinguished British adherents, Michael Adams and John Emms among them.} Na5
10. Bc2 c5 11. Nbd2 Re8 12. Nf1 h6 {In CBM 68 I discussed my game against Eran
Liss from Herzliya 1998. Here we are to reach at move 16 virtually the same
position which I there deemed satisfactory. Hence I did not much consider
alternatives here.} (12... Bf8 {is an important alternative, but I am not
crazy for defending} 13. Bg5 h6 14. Bxf6 $5 {[%cal Gf1e3,Ge3d5]} (14. Bh4 {
is the main move.}) 14... Qxf6 15. Ne3 g6 16. a3 {[%cal Yb2b4,Yc2b3,Ga5c6]} Ra7
17. b4 Nc6 18. Bb3 {It may not be so much, but perhaps white can create
pressure with no risk.} Be6 19. Qc2 Rc8 20. Qb2 h5 21. Nd5 Qd8 22. Qd2 a5 23.
Ng5 Bh6 24. Nxe6 Bxd2 25. Nxd8 Nxd8 26. Red1 Bg5 27. a4 $1 axb4 28. axb5 Rxa1
29. Rxa1 Rb8 30. Bc4 bxc3 31. Nxc3 Ne6 32. Ra7 $16 {1-0 Becerra Rivero,
J-Ferguson,M/Benasque op 1996/EXP 53 (38)}) 13. Ng3 Bf8 14. d4 Qc7 15. d5 Nc4
$5 {Still following my CBM 68 prescription. Black waits for white to create
tension on the queen-side before committing his c8 bishop.} 16. a4 Bd7 17. b3
Na5 18. axb5 axb5 19. Be3 {Slowly, I came to realise that whilst black may
indeed need the open a-file to distract white from a direct king-side assault,
in the short-term at least, the a-file is rather white's domain, and black can
do little on this wing.} (19. Qe2 $2 Nxb3 20. Rxa8 Nxc1 $17) 19... g6 20. h3
Bg7 21. Nd2 $1 h5 22. Ra2 {[%mdl 4]} Rec8 23. Qa1 Qd8 24. Qb2 (24. Bg5 $5 {
seemed to me to leave black very unpleasantly tied up. However, he may live on
due to the resource} Nb7 25. Ra7 $140 Na5) 24... h4 $5 {Black has to worry
about both the a-file and the possibility of white commencing operations on
the king-side with f2-f4. The text usefully tackles both issues - f4 will be
prevented, and white must reckon with black giving a pawn to open the long
black diagonal.} 25. Ne2 {[%cal Gf6h5,Gh5f4,Ye2f4,Ge5f4,Gg7c3,Gb5b4]} Nh5 26.
Nf3 $1 c4 $1 $138 ({Since} 26... Nf4 27. Nxf4 exf4 28. Bxf4 b4 29. e5 $16 {
is far from promising, this 'white-square' based attempt to create counterplay
is the only way to avoid being slowly squeezed. Surprise, surprise, 'zeitnot'
is also starting to raise its ugly, if familiar head.}) 27. b4 Nb3 28. Rxa8
Rxa8 29. Bxb3 cxb3 30. Qxb3 f5 $6 (30... Rc8 $1 {[%csl Gc4][%cal Gf7f5,Gd8c7,
Gc7c4] Rowson. I had only associated my pawn sacrifice with the need to make
swift waves on the king-side and against white's centre, but as Jonathan
showed afterwards, this more positional approach substantially holds up
white's attempts to utilise his extra queen-side pawn and rules out nothing on
the other side of the board. In the cold light of a time-trouble free day,
this consistent 'light-square' follow-up seems natural and logical!}) 31. c4 $1
bxc4 32. Qxc4 Rc8 33. Qb3 $6 (33. Qa6 $1 $16 {[%cal Ye3b6,Gf5f4,Yb4b7]}) 33...
Nf6 $1 (33... fxe4 $2 34. Nd2 {[%cal Yd2e4,Ye2c3] only encourages white's
reorganisation.}) 34. Nc3 Qc7 35. Bd2 Qc4 $132 {Following white's inaccuracy
on move 33, black has created a fair degree of pressure on white's centre. The
h4 pawn is small fry in that context.} 36. Qb1 fxe4 $6 (36... Rb8 $1 $13 {
[%csl Rb4,Re4]}) 37. Nxe4 Nxe4 38. Qxe4 Qxe4 39. Rxe4 Bf5 40. Rxh4 e4 $132 {
[%csl Rh4][%cal Yc8c2,Yc8c4][%mdl 2048] The position I was heading for at move
36, perhaps encouragde by the knowledge that this sequence would take us to
the time control. Black has definite counterplay based on white's very badly
placed rook, and his own rather active one. Still it is 2 pawns.} 41. Ng5 {
[%cal Gg2g4,Yg5e4]} Rc4 $1 42. Rh7 $1 (42. Ne6 $2 e3 {[%cal Ge3d2,Gd2d1]}) (42.
Kf1 $2 e3 43. Rxc4 exd2 44. Ke2 Bd3+ $17) 42... e3 {A difficult decision, but
an excellent one. It looks as if black should have chances to win the b-pawn
without this material concession, but in fact it wins the time to prevent the
extrication of white's rook.} (42... Rd4 $2 43. Rxg7+ Kxg7 44. Bc3 Kf6 45. f4
$18) 43. Bxe3 Rxb4 44. Kh2 (44. g4 {I reckoned that such endings as that
arising from} Be4 $5 45. Nxe4 Kxh7 46. Nxd6 Rb1+ 47. Kg2 Rd1 {should be OK for
a draw.}) 44... Be5+ 45. g3 Bg7 46. Kg2 {[%csl Rh7][%cal Yh3h4,Yh4h5]} Bc8 $1 {
[%csl Rd5]} 47. Bd2 Rc4 48. h4 Bb7 49. h5 Bxd5+ 50. Kf1 gxh5 51. Rxh5 $14 Rc2
52. Be3 Bc4+ 53. Kg2 Bd5+ 54. Kh3 Bc6 55. Rh4 Bd7+ 56. Kg2 Bc6+ 57. Nf3 $6 Ra2
58. Rc4 Bd5 59. Rb4 Be5 $1 $11 {[%csl Rf3][%cal Ye5f4,Ye5d4,Ye5d6,Yd5f3]
Secures the draw. White has no way to make progress.} 60. Bf4 Ra3 61. Be3 Kf7
62. Rh4 {A very tough struggle, and if not the closest I came to losing in the
tournament, certainly the nearest to being out-played.} 1/2-1/2